| 000 | 00361nam a2200145Ia 4500 | ||
|---|---|---|---|
| 008 | 150301s2013 xx 000 0 und d | ||
| 082 |
_a617.55059 _bM13Z |
||
| 100 | _aZINNER, MICHEL J. | ||
| 245 | _aMAINGOT'S ABDOMINAL OPERATION | ||
| 250 | _a12TH | ||
| 260 |
_bMC GRAW HILL _aNEW YORK _c2013 |
||
| 300 | _a1309 | ||
| 650 | _aGENERAL SURGERY | ||
| 942 |
_2ddc _cBK |
||
| 999 |
_c6692 _d6692 |
||